Statistics for Operation names Ww2 difficult

Click here to take the quiz!

General Stats

  • This quiz has been taken 17 times
  • The average score is 6 of 24

Answer Stats

HintAnswer% Correct
D-DayOperation Overlord
93%
US nuclear projectManhattan Project
73%
Airborne drop in netherlands to support Armoured movementOperation Market-Garden
67%
thoerised Invaision of UkOperation Sealion
53%
Invasion of French North AfricaOperation Torch
53%
Invasion of SicilyOperation Husky
40%
Soviet belorussian strategic offensive ~1944Operation Bagration
33%
Dunkirk evacuationOperation dynamo
27%
break out from france in 1944Operation Cobra
20%
Battle of OkinawaOperation Iceberg
20%
Soviet encirclement of German forces in stalingradOperation Uranus
20%
Invaision of RussiaOperation Barberossa
13%
Allied plans for invasion of Japanese home islandsOperation Downfall
13%
Invasion of FranceOperation Neptune
13%
Defence of BerlinOperation Clauswitz
7%
Night of the long knivesOperation Hummingbird
7%
British deception project ~1943Operation Mincemeat
7%
German Offesive to break soviet lines during battle of stalingrad ~1942Operation Winter-Storm
7%
Allied amphibious landings in italyOperation Baytown
0%
invasion of italian island PantelleriaOperation Corkscrew
0%
Allied Airborne drop into sicilyOperation Fustian
0%
Allied convoys in the mediterianean sea, ~1942Operation Harpoon
0%
British Airborne glider drop into sicilyOperation ladbroke
0%
British landing atTarantoOperation Slapstick
0%

Score Distribution

Percentile by Number Answered

Percent of People with Each Score

Your Score History

You have not taken this quiz